Asians countries that have won medals at the Olympic Games 2024 - Statistics

General Stats
  • This quiz has been taken 51 times
  • The average score is 24 of 28
Answer Stats
Asians/World rank Country Gold Silver Bronze % Correct
1 (2) China 40 27 24
100%
2 (3) Japan 20 12 13
100%
3 (8) South Korea 13 9 10
100%
15 (44) Thailand 1 3 2
95%
21 (71) India 0 1 5
93%
12 (39) Indonesia 2 0 1
93%
5 (21) Iran 3 6 3
93%
22/23/24 (74-75-76) Mongolia 0 1 0
93%
19/20 (68-69) North Korea 0 2 4
93%
4 (13) Uzbekistan 8 2 3
93%
7 (30) Azerbaijan 2 2 1
90%
14 (43) Kazakhstan 1 3 3
90%
16 (62) Pakistan 1 0 0
90%
6 (24) Georgia 3 3 1
88%
10/11 (37-38) Philippines 2 0 2
88%
17 (64) Turkey 0 3 5
88%
18 (66) Armenia 0 3 1
85%
9 (35) Taiwan 2 0 5
85%
20 (79) Tajikistan 0 0 3
85%
13 (41) Israel 1 5 1
83%
19/20 (68-69) Kyrgyzstan 0 2 4
83%
21 (80) Malaysia 0 0 2
83%
22/23 (84-85) Singapore 0 0 1
83%
22/23/24 (74-75-76) Jordan 0 1 0
75%
22/23 (84-85) Qatar 0 0 1
75%
8 (33) Bahrain 2 1 1
63%
22/23/24 (74-75-76) Cyprus 0 1 0
58%
10/11 (37-38) Hongkong 2 0 2
50%
No matching quizzes found
Score Distribution
Percent of People with Each Score
Percentile by Number Answered
Your Score History
You have not taken this quiz